| 000 | 00895cab a2200349 4500 | ||
|---|---|---|---|
| 001 | ABS59018 | ||
| 008 | 090401t1998 xxu||||| |||| 00| 0 eng d | ||
| 035 | _a(Sirsi) u87404 | ||
| 041 | _aeng | ||
| 245 | _aRegional survey: Berkshire | ||
| 260 | _c1998 | ||
| 350 | _a0 | ||
| 490 |
_aProperty Week _v63(11) 3 July 1998, 36-56(8) |
||
| 650 | _aBRACKNELL | ||
| 650 | _aENVIRONMENT AGENCY | ||
| 650 | _aFLOODPLAIN | ||
| 650 | _aINDUSTRIAL SECTOR | ||
| 650 | _aLOCAL ENVIRONMENT AGENCY PLANS | ||
| 650 | _aMAIDENHEAD | ||
| 650 | _aNEWBURY | ||
| 650 | _aOFFICE SECTOR | ||
| 650 | _aPLANNING | ||
| 650 | _aREADING | ||
| 650 | _aRESIDENTIAL LAND VALUES | ||
| 650 | _aRETAIL SECTOR | ||
| 650 | _aRIVERSIDE DEVELOPMENT | ||
| 650 | _aSLOUGH | ||
| 650 | _aWOKINGHAM | ||
| 690 | _aPROPERTY-COMMERCIAL PROPERTY-COMMERCIAL PROPERTY MARKET | ||
| 942 | _n0 | ||
| 948 | _c14/07/1998 | ||
| 999 |
_c55116 _d55116 |
||